| 000 | 00880nam a22002177i 4500 | ||
|---|---|---|---|
| 999 |
_c22943 _d22943 |
||
| 003 | AR-CdUCM | ||
| 008 | 240606b20152015 pe||||| |||| 00| 0 spa d | ||
| 040 |
_aMUNICIPALIDAD PROVINCIAL DEL CUSCO _cBIBLIOTECA MUNICIPAL DEL CUSCO |
||
| 082 |
_aPI / 803 / M61J _bM61J |
||
| 100 |
_aMinisterio de Educación _918298 |
||
| 110 |
_a Dirección General de Educación Básica Regular _950067 |
||
| 245 |
_aPrimera Colección de Biografías para Niños y Niñas : _bJosé María Arguedas / |
||
| 260 |
_aLima : _bMinisterio de Educación _c2015 |
||
| 300 |
_a24 páginas. : _bIlustraciones en color. _c20 cm. |
||
| 505 | _aAndahuaylas lo vio nacer -- José María era su nombre y Arguedas Altamirano sus apellidos | ||
| 650 |
_aCuento _94671 |
||
| 700 |
_aPiqué Romero, Luis Tito. [ilustrador] _950069 |
||
| 856 | _fwww.minedu.gob.pe | ||
| 942 |
_2ddc _cLIBROS |
||
| 945 |
_apbj _d2024-06-06 |
||